01371nam a2200361 a 4500001001200000003000800012006001900020007001500039008004100054010001700095020003800112020003500150020002700185040002100212035002100233050002700254082001400281100002100295245012400316250001200440260005100452300002500503500002000528533015200548650002300700650003300723650004200756650002200798655002900820710001700849856012600866999001700992ebr10657556CaPaEBRm u cr cn|||||||||120914s2013 inua s 001 0 eng d z 2012949513 z9781118362181 (pbk. : alk. paper) z1118362187 (pbk. : alk. paper) z9781118568712 (e-book) aCaPaEBRcCaPaEBR a(OCoLC)84148139514aQA76.9.A25bB37 2013eb04a005.82231 aBarnett, Ryan C.10aWeb application defender's cookbookh[electronic resource] :bbattling hackers and protecting users /cRyan C. Barnett. a1st ed. aIndianapolis, Ind. :bWiley Pub., Inc.,c2013. axxix, 522 p. :bill. aIncludes index. aElectronic reproduction.bPalo Alto, Calif. :cebrary,d2013.nAvailable via World Wide Web.nAccess may be limited to ebrary affiliated libraries. 0aComputer security. 0aComputer crimesxPrevention. 0aComputer networksxSecurity measures. 0aComputer hackers. 7aElectronic books.2local2 aebrary, Inc.40uhttp://site.ebrary.com/lib/rucke/Doc?id=10657556zAn electronic book accessible through the World Wide Web; click to view c76954d76954